| 000 | 00715nam a2200241Ia 4500 | ||
|---|---|---|---|
| 003 | OSt | ||
| 005 | 20220928112339.0 | ||
| 006 | a|||||r|||| 00| 0 | ||
| 007 | ta | ||
| 008 | 220927b |||||||| |||| 00| 0 eng d | ||
| 024 | _a47408 | ||
| 037 | _cTextual | ||
| 040 |
_aSDCL _cSDCL _beng |
||
| 041 |
_2eng _aeng |
||
| 082 | _aV4:72'C, P7 | ||
| 100 |
_aRay Himanshu Prabha Ed. _9415388 |
||
| 245 | 0 |
_aSacred landscapes in Asia _bShared traditions,multiple histories |
|
| 260 |
_aNew Delhi _bManohar Publishers & Distributors _c2007 |
||
| 300 |
_aix,396p _ccm. |
||
| 650 |
_aInscriptions Asia _9427598 |
||
| 942 |
_hV4:72'C, P7 _cTEXL _2CC |
||
| 999 |
_c744375 _d744375 |
||